Geografía urbana de Granada / (Record no. 35496)

MARC details
000 -LEADER
campo de control de longitud fija 00785nam a2200205 i 4500
001 - NÚMERO DE CONTROL
campo de control 35496
003 - IDENTIFICADOR DE NÚMERO DE CONTROL
campo de control ES-MaACL
005 - FECHA Y HORA DE LA ÚLTIMA TRANSACCIÓN
campo de control 20230906155135.0
007 - CAMPO FIJO DE DESCRIPCIÓN FÍSICA--INFORMACIÓN GENERAL
campo de control de longitud fija t|
008 - DATOS DE LONGITUD FIJA--INFORMACIÓN GENERAL
campo de control de longitud fija 030213s1962 sp df |||| | spa d
100 1# - ENTRADA PRINCIPAL--NOMBRE DE PERSONA
Nombre de persona Bosque Maurel, Joaquín.
9 (RLIN) 30700
245 10 - MENCIÓN DEL TÍTULO
Título Geografía urbana de Granada /
Mención de responsabilidad, etc. por Joaquín Bosque Maurel.
260 ## - PUBLICACIÓN, DISTRIBUCIÓN, ETC.
Lugar de publicación, distribución, etc. Zaragoza :
Nombre del editor, distribuidor, etc. Instituto Juan Sebastián Elcano, Departamento de Geografía Aplicada,
Fecha de publicación, distribución, etc. 1962.
300 ## - DESCRIPCIÓN FÍSICA
Extensión 313 p., 45 lám. :
Otras características físicas 8 gráf- ;
Dimensiones 27 cm.
500 ## - NOTA GENERAL
Nota general Precede al tít.: Consejo Superior de Investigaciones Científicas.
651 #4 - PUNTO DE ACCESO ADICIONAL DE MATERIA--NOMBRE GEOGRÁFICO
Nombre geográfico Granada-
Subdivisión general Descripción.
9 (RLIN) 8768
651 #4 - PUNTO DE ACCESO ADICIONAL DE MATERIA--NOMBRE GEOGRÁFICO
Nombre geográfico Granada-
Subdivisión general Geografía.
9 (RLIN) 169503
710 2# - ENTRADA AGREGADA--NOMBRE DE ENTIDAD CORPORATIVA
Nombre de entidad corporativa o nombre de jurisdicción como elemento de entrada Instituto Juan Sebastián Elcano.
Unidad subordinada Departamento de Geografía Aplicada.
9 (RLIN) 5114
852 ## - LOCALIZACIÓN
Ubicación ES-MaACL
Número de control de estantería G-3872
Holdings
Estatus retirado Estado de pérdida Estado de daño No para préstamo Biblioteca de origen Biblioteca actual Ubicación en estantería Fecha de adquisición Fuente de adquisición Total de préstamos Signatura topográfica completa Código de barras Visto por última vez Precio de reemplazo Tipo de ítem Koha
        Biblioteca del Ateneo de Madrid Biblioteca del Ateneo de Madrid Depósito 2 17/01/2008     G-3872 1037146 23/02/2023 23/02/2023 Libro impreso